000 00597nam a2200229Ia 4500
005 20250425161758.0
008 250425s9999 xx 000 0 und d
020 _a9586007588
041 _aspa
082 _a658.4
100 _aNELSON, ROBERT B.
245 0 _aTEMAS GERENCIALES ESCOGIDOS: COMO DELEGAR FUNCIONES AL PERSONAL PARA LOGRAR UNA MEJOR GERENCIA
250 _a1A ED.
260 _aBOGOTA
260 _aColombia
_bMCGRAW HILL
_c1997
300 _a127
650 _aADMINISTRACION DE EMPRESAS
650 _aEMPRESAS
650 _aGERENTES
942 _c01
010 _a28642
999 _c215926
_d215926